000 01172nam0a22002533 4500
001 RU\NLR\BIBL_A\022444301
005 20250809152540.0
035 _a(NLR Aleph) 022444301
090 _a79982
_c79982
100 _a20250204h1942 u y0rusy50 ca
101 0 _akaz
102 _aKZ
105 _ay z 000yy
181 0 _ai
_baxxe
182 0 _an
200 1 _aСовет балаларыныӊ же-совет мектебініӊ және окушылар ата-аналарыныӊ мінедеті
_eмӯгалімдер мен класс жетекшилери үшін кѳмекши материал
_gҚазақ ССР Халық Комиссарныӊ Мектептер Басқармасы
203 _aТекст
_bвизуальный
_cнепосредственный
210 _aАлматы
_cҚаз.ССР Оқу Халық Комиссариаты
_d1942
215 _a7[1], с.
_d22
541 1 _aЗабота о советских детях обязанность школы и родителей учащихся
_zrus
942 _cBOOK
945 _aРоссийская национальная библиотека
980 _aBV